02137nam a2200301 i 4500003000900000005001700009007000300026008004100029020001500070040003000085082001300115240006400128245018000192264004800372300003800420336002700458337003300485338002800518520097800546590002701524650003601551700004401587700004501631910001401676942001401690952011401704999001701818DO-SdBNP20240626151749.0ta240626b1987 ag o || 001 0 spa d a950909773X aDO-SdBNPbspacBNPHUerda 4bH746222 aHollywood As Historian. American Film in Cultural Context /00aHollywood : El cine como fuente histórica : bla cinematografía en el contexto social, político y cultural /ccompilador Peter C. Rollins ; traducción Esteban Usabiaga aBuenos Aires, Argentina :bFraterna,c1987. a366 páginas :bretratosc20 cm. 2rdacontentatextobtxt 2rdamediaasin mediaciónbn 2rdacarrieravolumenbnc aTomada de la introducción "Los mitos y símbolos de Hollywood son aspectos permanentes de la conciencia histórica norteamericana. En un modo obvio, los filmes estrictamente históricos han recreado las grandes luchas, o revivido personalidades históricas. Para esta compilación, dichos filmes están representados por The Birth of a Nation (1915) de D. W. Griffith, y Wilson (1944), de Darryl F. Zannuck. No satisfecho con la simple recreación del pasado, Hollywood ha intentado a menudo influir sobre el decurso de la historia mediante la producción de filmes conscientemente realizados para cambiar el enfoque público con respecto a asuntos de importancia política o social. Para ilustrar al respecto, se consideran aquí documentales de la era del New Deal; además, esta antología incluye un estudio en detalle de The Negro Soldier (1944), una película del tiempo de la guerra creada con el fin de alentar el orgullo y la comprensión racial." aInventariado, 2024/ YL aLos mongoles xHistoria.985844 a Rollins, Peter C.ecompilador 985747 aUsabiaga, Esteban etraducción 962251 aYLockward 2ddccLBS1 00102ddc56708GRaBNPHUbBNPHUcCTd1988-02-05eObsequiol0oH746p2024-3770r2024-06-26w2024-06-26yLBS1 c57024d57024